书目信息 |
| 题名: |
四部丛刊初编
|
|
| 作者: | 王弼 , 韩康伯 注 | |
| 分册: | 一 经部 | |
| 出版信息: | 上海 上海书店 1989.03 |
|
| 页数: | 1册 | |
| 开本: | 19cm | |
| 丛书名: | ||
| 单 册: | ||
| 中图分类: | Z121.6 | |
| 科图分类: | ||
| 主题词: | 丛书--中国 | |
| 电子资源: | ||
| ISBN: | 7-80569-058-8 | |
| 000 | 00980nam0 2200313 450 | |
| 001 | 0653559265 | |
| 005 | 20060920161249.14 | |
| 010 | @a7-80569-058-8@b精装@dCNY24.85 | |
| 100 | @a20060915d1989 km y0chiy0120 ea | |
| 101 | 0 | @achi |
| 102 | @aCN@b310000 | |
| 102 | @aCN@b310000 | |
| 102 | @aCN@b310000 | |
| 102 | @aCN@b310000 | |
| 200 | 1 | @a四部丛刊初编@Asi bu cong kan chu bian@h一@i经部@i周易@f(魏)王弼,(晋)韩康伯注@i尚书@F(wei)wang bi,(jin)han kang bo zhu@f(汉)孔安国传@F(han)kong an guo chuan |
| 210 | @a上海@c上海书店@d1989.03 | |
| 215 | @a1册@d19cm | |
| 300 | @a据商务印书馆一九二六年版重印 | |
| 305 | @a上海涵芬楼借杭州叶氏藏明刊本景印 | |
| 327 | @a周易九卷,附略例一卷。尚书十三卷。 | |
| 517 | 1 | @a周易@Azhou yi |
| 517 | 1 | @a尚书@Ashang shu |
| 517 | 1 | @a经部@Ajing bu |
| 606 | 0 | @a丛书@x中国 |
| 690 | @aZ121.6@v3 | |
| 701 | 0 | @a王弼@Awang bi@4注 |
| 701 | 0 | @a韩康伯@Ahan kang bo@4注 |
| 801 | 0 | @aCN@bPFT@c20060920 |
| 905 | @a10447@dZ121.6@e21:1(1) | |
| 四部丛刊初编.一.经部.周易/(魏)王弼,(晋)韩康伯注.尚书/(汉)孔安国传.-上海:上海书店,1989.03 |
| 1册;19cm |
| 据商务印书馆一九二六年版重印 |
| 部分内容:周易九卷,附略例一卷。尚书十三卷。 |
| ISBN 7-80569-058-8(精装):CNY24.85 |
| ● |
| 相关链接 |
|
|
|
|
正题名:四部丛刊初编
索取号:Z121.6/21:1(1)
 
预约/预借
| 序号 | 登录号 | 条形码 | 馆藏地/架位号 | 状态 | 备注 |
| 1 | 0221217 | 202392482 | 古籍典藏专区/ [索取号:Z121.6/21:1(1)] | 在馆 |